EUROPEAN timber trends and prospects into the 21st century

Bibliographic Details
Corporate Authors: Food and Agriculture Organization of the United Nations (FAO), United Nations. Economic Commission for Europe
Format: Book
Published: New York : United Nations , 1996
Series:Geneva timber and forest study papers, 1020-2269; n. 11
Subjects:

MARC

LEADER 00000cam a2200000 7i4500
001 0000000497
005 20020712.0
020 0 0 |a 9211007194 
090 0 0 |a FAO338.17498094   |b EUR 1996 
245 0 0 |a EUROPEAN timber trends and prospects into the 21st century   |c United Nations Economic Commission for Europe, Food and Agriculture Organization of the United Nations 
260 0 0 |a New York :   |b United Nations ,   |c 1996 
300 |a xvi, 103 p :   |b illc30 cm. 
440 0 0 |a Geneva timber and forest study papers, 1020-2269; n. 11 
500 0 0 |a Includes bibliographical references 
650 0 0 |a Forest products industry   |z Europe 
650 0 0 |a Lumber trade   |z Europe 
710 1 1 |a Food and Agriculture Organization of the United Nations (FAO) 
710 1 1 |a United Nations. Economic Commission for Europe 
998 |a JPSM 
999 |a 0000000731   |b Monograph   |c Open Shelf   |e Default branch 
999 |a 0000002515   |b Monograph   |c Open Shelf   |e Default branch